Normal view
MARC view
Entry Personal Name
001 - CONTROL NUMBER
- control field: 41881
003 - CONTROL NUMBER IDENTIFIER
- control field: ARRUPE
005 - DATE AND TIME OF LATEST TRANSACTION
- control field: 20180903090443.0
008 - FIXED-LENGTH DATA ELEMENTS
- fixed length control field: 180903|| aca||aabn | a|a d
040 ## - CATALOGING SOURCE
- Original cataloging agency: ARRUPE
- Transcribing agency: ARRUPE
100 ## - HEADING--PERSONAL NAME
- Personal name: Hughes, Gerard J.
670 ## - SOURCE DATA FOUND
- Source citation: Work cat.: (ARRUPE)0: Hughes, Gerard J., The Routledge guidebook to Aristotle's Nicomachean ethics /, 2013.